000 00930nam a2200241 i 4500
001 70299
003 ES-MaACL
005 20250822062529.0
007 t|
008 040721s1945 sp f |||| | spa d
080 _a946"1808/14"
100 1 _aGarcía-Rodríguez, José María.
_9163049
245 1 0 _aGuerra de la Independencia
_b: ensayo histórico-político de una epopeya española /
_cJosé María García-Rodríguez ; [ilustraciones de Goya].
260 _aBarcelona :
_bLuis de Caralt,
_c[1945] (
_fImp. Clarasó)
300 _a2 v., 32 lám. ;
_c22 cm.
490 1 _aAtalaya del tiempo pasado.
_aCultura histórica
651 4 _aEspaña-
_xHistoria-
_y1808-1814, Guerra de la Independencia
_98244
700 1 _aGoya, Francisco de,
_d1746-1828
_eill
_9240353
830 0 _aAtalaya del tiempo pasado.
_aCultura histórica
_9187518
852 _aES-MaACL
_jF-16306-07
942 _2udc
999 _c70299
_d70299